[Event "DEM U10 2005"]
[Site "Willingen GER"]
[Date "2005.05.18"]
[Round "6"]
[White "Osmanodja, Filiz"]
[Black "Kaphle, Sebastian"]
[Result "1/2-1/2"]
[Termination "normal"]
[Board "1"]
[WhiteElo "1518"]
[BlackElo "1824"]
[PlyCount "83"]
[WhiteFideId "24633569"]
[BlackFideId "24626708"]
[EventCountry "GER"]
[EventRounds "11"]
[EventType "swiss"]
[EventDate "2005.05.15"]

1. e4 c5 2. Nf3 Nc6 3. d4 cxd4 4. Nxd4 g6 5. Nc3 Bg7 6. Be3 Nf6 7. Bc4 Qa5 8.
f3 d6 9. Qd2 Bd7 10. O-O-O O-O 11. h4 Ne5 12. Bb3 Rac8 13. h5 Nc4 14. Bxc4 Rxc4
15. hxg6 fxg6 16. Kb1 Rfc8 17. Nb3 Qc7 18. Bd4 b5 19. Bxf6 Bxf6 20. Nd5 Rxc2
21. Nxc7 Rxd2 22. Rxd2 Rxc7 23. Rc2 Rxc2 24. Kxc2 h5 25. Nd2 a5 26. Rd1 Kf7 27.
Nb3 a4 28. Nd4 g5 29. Kc3 Kg6 30. Kc2 g4 31. b4 axb3+ 32. axb3 gxf3 33. Nxf3
Bg4 34. Rf1 e6 35. Nh2 d5 36. Nxg4 hxg4 37. exd5 exd5 38. Rd1 d4 39. Rd3 b4 40.
Kd2 Kf5 41. Ke2 Ke4 42. Kd2 1/2-1/2

[Event "DEM U10 2005"]
[Site "Willingen GER"]
[Date "2005.05.18"]
[Round "6"]
[White "Zier, Oliver"]
[Black "Göbel, Constantin"]
[Result "1/2-1/2"]
[Termination "normal"]
[Board "2"]
[WhiteElo "1563"]
[BlackElo "1261"]
[PlyCount "58"]
[WhiteFideId "24631906"]
[BlackFideId "24647071"]
[EventCountry "GER"]
[EventRounds "11"]
[EventType "swiss"]
[EventDate "2005.05.15"]

1. d4 d5 2. c4 e6 3. Nc3 c6 4. e3 Nf6 5. Nf3 Nbd7 6. Qc2 Bd6 7. b3 e5 8. cxd5
cxd5 9. dxe5 Nxe5 10. Nd4 a6 11. Be2 O-O 12. O-O Qc7 13. Bb2 Ng6 14. h3 Bd7 15.
Rac1 Rac8 16. Bf3 Be6 17. Qd2 Bb4 18. a3 Bxc3 19. Bxc3 Qd7 20. Nxe6 fxe6 21.
Rfd1 Nh4 22. Be2 Ne4 23. Qd4 Rxf2 24. Bf1 Nf5 25. Qd3 Nfg3 26. Bd4 Rxc1 27.
Rxc1 Rxf1+ 28. Rxf1 Nxf1 29. Qxf1 Qb5 1/2-1/2

[Event "DEM U10 2005"]
[Site "Willingen GER"]
[Date "2005.05.18"]
[Round "6"]
[White "Davydov, Ruven"]
[Black "Noe, Christopher"]
[Result "0-1"]
[Termination "normal"]
[Board "3"]
[WhiteElo "1250"]
[BlackElo "1509"]
[PlyCount "126"]
[WhiteFideId "24666068"]
[BlackFideId "24692018"]
[EventCountry "GER"]
[EventRounds "11"]
[EventType "swiss"]
[EventDate "2005.05.15"]

1. d4 d5 2. c4 e6 3. Nc3 Nf6 4. Bg5 Nbd7 5. Nf3 c6 6. e3 Bb4 7. cxd5 cxd5 8.
Bxf6 Qxf6 9. Bb5 O-O 10. O-O a6 11. Bd3 Bxc3 12. bxc3 Qd8 13. Qc2 h6 14. Rab1
Qc7 15. Rb3 b5 16. Rfb1 Nb6 17. h3 Bd7 18. Ne5 Rac8 19. Rc1 Rb8 20. Rb2 Na4 21.
Rb3 Nb6 22. a3 Bc6 23. Rcb1 Rfc8 24. Kf1 Nc4 25. Bxc4 dxc4 26. R3b2 Qe7 27.
Nxc6 Rxc6 28. a4 Rcb6 29. Qe4 Qa3 30. Qc2 Kf8 31. axb5 Rxb5 32. Rxb5 Rxb5 33.
Rxb5 axb5 34. Ke2 Ke7 35. Qb1 Qxc3 36. Qxb5 Qd3+ 37. Kf3 f5 38. Qc5+ Kf7 39.
Qc7+ Kg6 40. Qe5 c3 41. Qxe6+ Kh7 42. Qb3 Qd2 43. Qb4 Qc2 44. Qa5 Qe4+ 45. Kg3
c2 46. Qd2 Qc6 47. Qc1 Qc3 48. d5 Qd3 49. d6 Qd1 50. Qa3 c1=Q 51. Qa6 Qe1 52.
Qa7 Qed2 53. Qd7 Qc5 54. Kh2 Qdxd6+ 55. Qxd6 Qxd6+ 56. Kg1 Qd2 57. h4 Qe1+ 58.
Kh2 Qxf2 59. h5 Qxe3 60. g3 Qe2+ 61. Kh3 Qf2 62. g4 f4 63. g5 Qg3# 0-1

[Event "DEM U10 2005"]
[Site "Willingen GER"]
[Date "2005.05.18"]
[Round "6"]
[White "Lebeda, Timo"]
[Black "Grewenig, Jan"]
[Result "0-1"]
[Termination "normal"]
[Board "4"]
[WhiteElo "1315"]
[BlackElo "1214"]
[PlyCount "114"]
[WhiteFideId "4638565"]
[BlackFideId "4657330"]
[EventCountry "GER"]
[EventRounds "11"]
[EventType "swiss"]
[EventDate "2005.05.15"]

1. e4 c5 2. d4 cxd4 3. c3 Nc6 4. Nf3 g6 5. cxd4 Bg7 6. d5 Ne5 7. Nc3 d6 8. Nxe5
Bxe5 9. f4 Bg7 10. Bc4 Bd7 11. Be3 Qa5 12. Qd3 a6 13. Bd2 Qc7 14. Rc1 Rc8 15.
Bb3 Qd8 16. O-O Nf6 17. e5 dxe5 18. fxe5 Ng4 19. d6 Nxe5 20. dxe7 Qxe7 21. Qe3
O-O 22. Nd5 Qd8 23. Rxc8 Bxc8 24. Rc1 Nc6 25. Bc3 Qh4 26. g3 Qg4 27. Bxg7 Kxg7
28. Qc3+ Qd4+ 29. Qxd4+ Nxd4 30. Ne7 Ne2+ 31. Kf2 Nxc1 32. Bc4 Be6 33. Bf1 Nxa2
34. Bg2 Re8 35. Nd5 Bxd5 36. Bxd5 Nb4 37. Bxb7 a5 38. b3 Rb8 39. Be4 f5 40. Bb1
Kf6 41. Ke3 Ke5 42. h3 Nd5+ 43. Kf2 Rxb3 44. Bxf5 Kxf5 45. Ke2 a4 46. Kd2 a3
47. Kc2 a2 48. Kxb3 a1=Q 49. Kc4 Qc3+ 50. Kxd5 Qd3+ 51. Kc5 Ke5 52. g4 Qc3+ 53.
Kb5 Kd5 54. Kb6 Qc6+ 55. Ka5 Qb7 56. h4 Kc5 57. h5 Qb5# 0-1

[Event "DEM U10 2005"]
[Site "Willingen GER"]
[Date "2005.05.18"]
[Round "6"]
[White "Kyas, Philipp"]
[Black "Schreiner, Till"]
[Result "1/2-1/2"]
[Termination "normal"]
[Board "5"]
[WhiteElo "1273"]
[BlackElo "1204"]
[PlyCount "26"]
[WhiteFideId "24670936"]
[BlackFideId "24675555"]
[EventCountry "GER"]
[EventRounds "11"]
[EventType "swiss"]
[EventDate "2005.05.15"]

1. d4 Nf6 2. Nf3 g6 3. Bf4 Bg7 4. e3 O-O 5. Bd3 d6 6. h3 Nbd7 7. O-O b6 8. e4
Bb7 9. Re1 Re8 10. Nc3 c5 11. d5 Rc8 12. Bc4 a6 13. a4 Qc7 1/2-1/2

[Event "DEM U10 2005"]
[Site "Willingen GER"]
[Date "2005.05.18"]
[Round "6"]
[White "Müller, Alexander"]
[Black "Marquardt, Patrick"]
[Result "1/2-1/2"]
[Termination "normal"]
[Board "6"]
[WhiteElo "1336"]
[BlackElo "1459"]
[PlyCount "114"]
[WhiteFideId "4624696"]
[BlackFideId "4670086"]
[EventCountry "GER"]
[EventRounds "11"]
[EventType "swiss"]
[EventDate "2005.05.15"]

1. e4 c5 2. Nf3 Nc6 3. c3 g6 4. d4 cxd4 5. cxd4 Bg7 6. Be3 d6 7. Nc3 Bg4 8. Be2
Nf6 9. O-O O-O 10. h3 Bxf3 11. Bxf3 Rc8 12. Rc1 a6 13. a3 Qd7 14. Qd2 Na5 15.
Qc2 Nc4 16. Be2 b5 17. Bxc4 Rxc4 18. b3 Rc7 19. f3 Rfc8 20. Qd2 Rc6 21. Ne2
R8c7 22. d5 Rxc1 23. Rxc1 Qc8 24. Rxc7 Qxc7 25. Qc1 Qxc1+ 26. Nxc1 Nd7 27. Nd3
Bc3 28. Kf1 Kg7 29. Ke2 Ne5 30. Nxe5 Bxe5 31. a4 e6 32. axb5 axb5 33. Kd3 exd5
34. exd5 Kf8 35. Bd4 Bg3 36. Be3 Be5 37. f4 Bb2 38. Bd4 Ba3 39. Bc3 Bc5 40. Ba5
f5 41. g4 Ke7 42. g5 Kd7 43. Bd2 Ke7 44. Ba5 Kd7 45. Ke2 Ke7 46. Kf3 Kf7 47. h4
Ke7 48. Kg3 Kd7 49. h5 Ke7 50. hxg6 hxg6 51. Kf3 Kd7 52. Ke2 Ke7 53. Kd3 Kd7
54. Bc3 Ke7 55. Bd4 Kd7 56. Kc3 Ke7 57. Kd3 Kd7 1/2-1/2

[Event "DEM U10 2005"]
[Site "Willingen GER"]
[Date "2005.05.18"]
[Round "6"]
[White "Günthner, Arthur"]
[Black "Xu, Xianliang"]
[Result "0-1"]
[Termination "normal"]
[Board "8"]
[WhiteElo "1245"]
[BlackElo "1370"]
[PlyCount "76"]
[BlackFideId "4603230"]
[EventCountry "GER"]
[EventRounds "11"]
[EventType "swiss"]
[EventDate "2005.05.15"]

1. e4 c5 2. Nf3 d6 3. d4 cxd4 4. Nxd4 Nf6 5. Nc3 g6 6. Bg5 Bg7 7. Qd2 O-O 8.
O-O-O Nc6 9. Nxc6 bxc6 10. e5 Nd5 11. Nxd5 cxd5 12. exd6 Qxd6 13. Qxd5 Rb8 14.
c3 Qb6 15. Qb3 Qc7 16. Qc4 Qb7 17. Qb4 Bf5 18. Qxb7 Rxb7 19. Bd3 Be6 20. Rhe1
h6 21. Be4 Rc7 22. Bf4 Rc4 23. g3 g5 24. Bd2 Rd8 25. Bc2 Bg4 26. Bb3 Rc7 27.
Bf4 Rxd1+ 28. Rxd1 gxf4 29. Rd8+ Bf8 30. Rd4 e5 31. Re4 Bd6 32. gxf4 exf4 33.
Rd4 Rd7 34. c4 Kf8 35. f3 Be6 36. c5 Bxc5 37. Rxf4 Bxb3 38. axb3 Be3+ 0-1

[Event "DEM U10 2005"]
[Site "Willingen GER"]
[Date "2005.05.18"]
[Round "6"]
[White "Barzen, Pascal"]
[Black "Große, Christian"]
[Result "1-0"]
[Termination "normal"]
[Board "9"]
[WhiteElo "1204"]
[BlackElo "1347"]
[PlyCount "103"]
[WhiteFideId "24653497"]
[BlackFideId "24646156"]
[EventCountry "GER"]
[EventRounds "11"]
[EventType "swiss"]
[EventDate "2005.05.15"]

1. d4 d5 2. c4 e6 3. Nc3 Nf6 4. Bg5 Nbd7 5. e3 c6 6. Nf3 Qa5 7. a3 Ne4 8. Qc2
Bb4 9. Rc1 Bxc3+ 10. bxc3 Nxg5 11. Nxg5 dxc4 12. Ne4 Qd5 13. Bxc4 Qh5 14. Nd6+
Ke7 15. Ne4 b6 16. O-O Bb7 17. Ng3 Qh6 18. f4 f5 19. e4 g6 20. exf5 exf5 21.
Qxf5 Qxh2+ 22. Kxh2 gxf5 23. Nxf5+ Kf6 24. Ng3 c5 25. d5 a6 26. Ne4+ Ke7 27.
d6+ Kf8 28. Ng5 b5 29. Ne6+ Ke8 30. Nc7+ Kd8 31. Nxa8 bxc4 32. Nc7 Rg8 33. g3
Rg6 34. Rcd1 Nf6 35. Ne6+ Kc8 36. Nxc5 Bc6 37. d7+ Nxd7 38. Nxd7 Bxd7 39. Rd4
Rc6 40. Rfd1 Bf5 41. Re1 Kb7 42. Re5 Bd3 43. g4 Rg6 44. f5 Rf6 45. Re6 Rf7 46.
f6 Kc8 47. Rxa6 Kb7 48. Re6 Kc8 49. g5 Bf1 50. Re7 Rf8 51. f7 Bd3 52. Re8+ 1-0

[Event "DEM U10 2005"]
[Site "Willingen GER"]
[Date "2005.05.18"]
[Round "6"]
[White "Pfeiffer, Daniel"]
[Black "Gering, Samuel"]
[Result "1/2-1/2"]
[Termination "normal"]
[Board "11"]
[WhiteElo "1428"]
[BlackElo "1215"]
[PlyCount "55"]
[WhiteFideId "24641960"]
[BlackFideId "24604526"]
[EventCountry "GER"]
[EventRounds "11"]
[EventType "swiss"]
[EventDate "2005.05.15"]

1. e4 c6 2. d4 d5 3. Nd2 Nf6 4. Bd3 dxe4 5. Nxe4 Qxd4 6. Nf3 Qd8 7. Qe2 e6 8.
Bg5 Be7 9. O-O-O Nxe4 10. Bxe7 Qxe7 11. Bxe4 Nd7 12. Rhe1 O-O 13. h4 a5 14. g4
a4 15. a3 Nc5 16. Kb1 Bd7 17. Ne5 Rfd8 18. g5 Rac8 19. Qh5 Nxe4 20. Rxe4 b5 21.
Qg4 c5 22. c3 Bc6 23. Rxd8+ Qxd8 24. Nxc6 Rxc6 25. Qf3 Rc7 26. Re5 Qd7 27. Kc2
Rc8 28. Qd3 1/2-1/2

[Event "DEM U10 2005"]
[Site "Willingen GER"]
[Date "2005.05.18"]
[Round "6"]
[White "Pältz, Sebastian"]
[Black "Babayev, Ramil"]
[Result "0-1"]
[Termination "normal"]
[Board "12"]
[WhiteElo "1196"]
[BlackElo "1533"]
[PlyCount "50"]
[WhiteFideId "24648027"]
[BlackFideId "24664243"]
[EventCountry "GER"]
[EventRounds "11"]
[EventType "swiss"]
[EventDate "2005.05.15"]

1. e4 c5 2. c3 d5 3. exd5 Qxd5 4. d4 Nf6 5. Nf3 Bg4 6. Be2 Nc6 7. O-O e6 8. Be3
cxd4 9. cxd4 Be7 10. Nc3 Qd8 11. Rc1 O-O 12. Re1 Rc8 13. Qd2 Bb4 14. a3 Ne4 15.
Qd3 Nxc3 16. axb4 Nxe2+ 17. Qxe2 Nxb4 18. Rxc8 Qxc8 19. Rc1 Nc6 20. d5 exd5 21.
Bxa7 Nd4 22. Qe3 Qxc1+ 23. Qxc1 Ne2+ 24. Kf1 Nxc1 25. Bc5 Rc8 0-1

[Event "DEM U10 2005"]
[Site "Willingen GER"]
[Date "2005.05.18"]
[Round "6"]
[White "Rozenfeld, Elisabeth"]
[Black "Gitter, Lucas"]
[Result "1-0"]
[Termination "normal"]
[Board "13"]
[WhiteElo "1383"]
[BlackElo "1187"]
[PlyCount "119"]
[WhiteFideId "4624742"]
[BlackFideId "24667587"]
[EventCountry "GER"]
[EventRounds "11"]
[EventType "swiss"]
[EventDate "2005.05.15"]

1. e4 e5 2. d4 exd4 3. Qxd4 Nc6 4. Qe3 d6 5. Bd2 Be7 6. Nc3 Nf6 7. f3 Be6 8.
O-O-O Qd7 9. g4 h6 10. h4 O-O-O 11. Bb5 Kb8 12. Be1 a6 13. Be2 Qe8 14. Nh3 Nd7
15. Bf2 Nc5 16. Rd2 g6 17. Nf4 Bf6 18. Rhd1 g5 19. Nxe6 Qxe6 20. h5 Be5 21. Nd5
Bf4 22. Nxf4 gxf4 23. Qa3 Kc8 24. Bxc5 dxc5 25. Kb1 c4 26. Qc5 b5 27. Qa3 Kb7
28. Qc5 Rhe8 29. Rd5 f6 30. Rf5 Rxd1+ 31. Bxd1 Rd8 32. Kc1 Ne5 33. Rxf4 Rd3 34.
Rf5 Qd7 35. Be2 Rd2 36. Qe3 Rd6 37. Qxh6 Qd8 38. Qf4 b4 39. h6 b3 40. a3 bxc2
41. Kxc2 Qe7 42. Kc3 Kc8 43. Rh5 Qh7 44. Qf5+ Qxf5 45. exf5 Rd8 46. h7 Rh8 47.
Kd4 Rd8+ 48. Kc3 Rh8 49. Kb4 Kb7 50. Kc5 c6 51. Rh3 Kc7 52. Bxc4 Nd7+ 53. Kd4
c5+ 54. Kd5 Nb6+ 55. Kxc5 Nd7+ 56. Kb4 Nf8 57. Bg8 Nxh7 58. Bxh7 Rb8+ 59. Kc3
Rh8 60. Rh5 1-0

[Event "DEM U10 2005"]
[Site "Willingen GER"]
[Date "2005.05.18"]
[Round "6"]
[White "Gheng, Michael Dan"]
[Black "Kuhn, Jan"]
[Result "0-1"]
[Termination "normal"]
[Board "14"]
[WhiteElo "1368"]
[BlackElo "1164"]
[PlyCount "82"]
[EventCountry "GER"]
[EventRounds "11"]
[EventType "swiss"]
[EventDate "2005.05.15"]

1. Nf3 Nc6 2. g3 e5 3. e4 Nf6 4. Bg2 Bc5 5. O-O O-O 6. Re1 d6 7. c3 Bg4 8. d4
exd4 9. cxd4 Nxd4 10. Nbd2 Nxf3+ 11. Nxf3 Re8 12. Qc2 Qd7 13. e5 Bxf3 14. Bxf3
dxe5 15. Qxc5 e4 16. Bg2 Qd6 17. Be3 b6 18. Qc2 c5 19. Rad1 Qe6 20. b3 Rac8 21.
Bf4 c4 22. Rd6 cxb3 23. Qxb3 Qxb3 24. axb3 Rc3 25. Bg5 Rxb3 26. Bxf6 gxf6 27.
Rxf6 e3 28. Rxf7 exf2+ 29. Kxf2 Rb2+ 30. Kg1 Rxe1+ 31. Rf1 Rxf1+ 32. Kxf1 Kg7
33. h3 Rd2 34. g4 a5 35. h4 Rxg2 36. Kxg2 a4 37. Kf3 a3 38. Kf4 a2 39. Kg5 a1=Q
40. Kh5 h6 41. g5 Qd1# 0-1

[Event "DEM U10 2005"]
[Site "Willingen GER"]
[Date "2005.05.18"]
[Round "6"]
[White "Nitsche-Hahn, Maxim"]
[Black "Strohmann, Marcel"]
[Result "0-1"]
[Termination "normal"]
[Board "16"]
[WhiteElo "1356"]
[BlackElo "1140"]
[PlyCount "44"]
[WhiteFideId "4613090"]
[EventCountry "GER"]
[EventRounds "11"]
[EventType "swiss"]
[EventDate "2005.05.15"]

1. d4 Nf6 2. c4 g6 3. Nf3 Bg7 4. e3 d6 5. Be2 Bf5 6. O-O Nc6 7. Bd2 Ne4 8. Nc3
Nxd2 9. Qxd2 e5 10. d5 Ne7 11. e4 Bg4 12. Ne1 Bxe2 13. Qxe2 c6 14. b3 Qa5 15.
Rd1 Qxc3 16. dxc6 Nxc6 17. Rxd6 Rd8 18. Rxd8+ Nxd8 19. Nf3 O-O 20. Rd1 Ne6 21.
Rd3 Nf4 22. Qd2 Qxd3 0-1

[Event "DEM U10 2005"]
[Site "Willingen GER"]
[Date "2005.05.18"]
[Round "6"]
[White "Klek, Hanna-Marie"]
[Black "Volz, Alexander"]
[Result "1-0"]
[Termination "normal"]
[Board "17"]
[WhiteElo "1340"]
[BlackElo "1117"]
[PlyCount "111"]
[WhiteFideId "24670057"]
[BlackFideId "4669126"]
[EventCountry "GER"]
[EventRounds "11"]
[EventType "swiss"]
[EventDate "2005.05.15"]

1. e4 c5 2. Nf3 d6 3. d4 cxd4 4. Nxd4 Nf6 5. Nc3 a6 6. Be3 e6 7. f3 b5 8. Qd2
Bb7 9. g4 h6 10. O-O-O Be7 11. h4 Nbd7 12. Bd3 Nc5 13. Be2 d5 14. g5 Ng8 15.
exd5 Bxd5 16. Nxd5 Qxd5 17. Nb3 Nxb3+ 18. axb3 Qxd2+ 19. Bxd2 hxg5 20. hxg5
Rxh1 21. Rxh1 O-O-O 22. Rh7 Bf8 23. Bc3 f6 24. f4 Bd6 25. Bd2 Rd7 26. Rh8 Rd8
27. Bg4 f5 28. Bf3 g6 29. Rh1 Re8 30. Re1 e5 31. Bd5 Ne7 32. Be6+ Kd8 33. Ba5+
Bc7 34. Rd1+ Nd5 35. Rxd5+ Ke7 36. Bxc7 Kxe6 37. Rxe5+ Kd7 38. Rxe8 Kxe8 39. c4
Kd7 40. Be5 b4 41. Kd2 Kc6 42. Kd3 a5 43. Kd4 Kd7 44. Kc5 Ke6 45. Kb5 Kd7 46.
c5 Ke6 47. c6 Kd5 48. c7 Ke4 49. c8=Q Kd3 50. Qc4+ Ke3 51. Qc2 Kf3 52. Qd2 Kg3
53. Qe2 Kh3 54. Bd4 Kh4 55. Qf3 a4 56. Bf2# 1-0

[Event "DEM U10 2005"]
[Site "Willingen GER"]
[Date "2005.05.18"]
[Round "6"]
[White "Möhn, Hans"]
[Black "Grünwald, Sven"]
[Result "1/2-1/2"]
[Termination "normal"]
[Board "18"]
[WhiteElo "1161"]
[BlackElo "1323"]
[PlyCount "90"]
[WhiteFideId "24647837"]
[BlackFideId "24629642"]
[EventCountry "GER"]
[EventRounds "11"]
[EventType "swiss"]
[EventDate "2005.05.15"]

1. e4 c6 2. d4 d5 3. exd5 cxd5 4. c4 Nc6 5. Nf3 Bg4 6. cxd5 Qxd5 7. Nc3 Qd7 8.
d5 Bxf3 9. Qxf3 Nd4 10. Qe4 e5 11. Qxe5+ Qe7 12. Qxe7+ Bxe7 13. Bd3 Nf6 14. Be3
Bc5 15. O-O O-O 16. Rac1 b6 17. b4 Bxb4 18. Bxd4 Bxc3 19. Bxc3 Nxd5 20. Be4
Rad8 21. h3 Rfe8 22. Bf3 Nxc3 23. Rxc3 Rd2 24. Rfc1 Rxa2 25. Rc8 Kf8 26. Bg4 g6
27. f4 h5 28. Bf3 Rxc8 29. Rxc8+ Kg7 30. Kh2 Ra4 31. g3 Ra2+ 32. Kg1 Ra1+ 33.
Kf2 Ra2+ 34. Ke3 Ra3+ 35. Ke2 Ra2+ 36. Kd3 Ra3+ 37. Rc3 Rxc3+ 38. Kxc3 f6 39.
Kb4 Kh6 40. Kb5 g5 41. f5 h4 42. gxh4 gxh4 43. Kb4 Kg5 44. Bg4 a5+ 45. Ka4 Kf4
1/2-1/2

[Event "DEM U10 2005"]
[Site "Willingen GER"]
[Date "2005.05.18"]
[Round "6"]
[White "Pauly, Carlo"]
[Black "Spangenberg, Romy"]
[Result "1-0"]
[Termination "normal"]
[Board "19"]
[WhiteElo "1111"]
[BlackElo "1239"]
[PlyCount "71"]
[WhiteFideId "24673269"]
[BlackFideId "4627997"]
[EventCountry "GER"]
[EventRounds "11"]
[EventType "swiss"]
[EventDate "2005.05.15"]

1. e4 c5 2. Nf3 e6 3. d4 cxd4 4. Nxd4 Nf6 5. Nc3 Bb4 6. e5 Nd5 7. Qg4 Bf8 8.
Nxd5 exd5 9. Bf4 a6 10. Bd3 g6 11. h4 Bg7 12. h5 d6 13. Qg3 Qe7 14. Nf3 O-O 15.
h6 Bh8 16. O-O-O dxe5 17. Nxe5 b5 18. Rhe1 Qa7 19. Qf3 Bb7 20. Qg3 Bxe5 21.
Bxe5 Nc6 22. Bg7 Rfd8 23. f4 Qb8 24. Qg5 Qd6 25. f5 Rac8 26. Be4 Na7 27. fxg6
fxg6 28. Bf6 Rf8 29. Rf1 Qe6 30. Bxg6 Rxf6 31. Bxh7+ Kf8 32. Rxf6+ Qxf6 33.
Qxf6+ Ke8 34. Re1+ Kd7 35. Re7+ Kd8 36. Qf8# 1-0

[Event "DEM U10 2005"]
[Site "Willingen GER"]
[Date "2005.05.18"]
[Round "6"]
[White "Schäfer, Daniela"]
[Black "Kühnel, Lena"]
[Result "0-1"]
[Termination "normal"]
[Board "20"]
[WhiteElo "1233"]
[BlackElo "1124"]
[PlyCount "96"]
[WhiteFideId "4624769"]
[BlackFideId "24640956"]
[EventCountry "GER"]
[EventRounds "11"]
[EventType "swiss"]
[EventDate "2005.05.15"]

1. e4 e5 2. Nf3 Nc6 3. Bb5 a6 4. Bxc6 dxc6 5. d4 exd4 6. Qxd4 Qxd4 7. Nxd4 Nf6
8. Nc3 Bb4 9. a3 Bxc3+ 10. bxc3 Nxe4 11. Bd2 Nxd2 12. Kxd2 O-O 13. Rad1 Re8 14.
Rhe1 Rxe1 15. Rxe1 Kf8 16. Kd3 Bd7 17. Kc4 b6 18. Kd3 Re8 19. Rxe8+ Kxe8 20.
Ke3 Ke7 21. Nb3 Ke6 22. c4 b5 23. c5 Kd5 24. Kd3 Bf5+ 25. Kc3 h5 26. h4 f6 27.
g3 g5 28. f3 Bg6 29. Kd2 Kc4 30. Kc1 Kc3 31. Na1 a5 32. Kb1 b4 33. axb4 axb4
34. Kc1 Kd4 35. Nb3+ Ke3 36. Nd2 Kf2 37. Ne4+ Kxf3 38. Nxf6 g4 39. Nxh5 Bxh5
40. Kd1 Kxg3 41. Ke1 Kf3 42. Kf1 g3 43. Kg1 g2 44. c3 bxc3 45. Kh2 c2 46. Kh3
Bg4+ 47. Kh2 c1=Q 48. h5 Qh1# 0-1

[Event "DEM U10 2005"]
[Site "Willingen GER"]
[Date "2005.05.18"]
[Round "6"]
[White "Düssler, Stefanie"]
[Black "Blübaum, Matthias"]
[Result "1/2-1/2"]
[Termination "normal"]
[Board "21"]
[WhiteElo "1087"]
[BlackElo "1209"]
[PlyCount "55"]
[WhiteFideId "4634780"]
[BlackFideId "24651516"]
[EventCountry "GER"]
[EventRounds "11"]
[EventType "swiss"]
[EventDate "2005.05.15"]

1. e4 e6 2. d4 d5 3. exd5 exd5 4. Bd3 c5 5. Nf3 Nc6 6. c3 cxd4 7. cxd4 Bb4+ 8.
Bd2 Bg4 9. Bxb4 Nxb4 10. Bb5+ Nc6 11. Nbd2 Nge7 12. O-O O-O 13. Qc2 Qb6 14.
Bxc6 Nxc6 15. Qd3 Rfe8 16. h3 Bh5 17. a3 Bg6 18. Qb3 Qxb3 19. Nxb3 Re2 20. Ra2
Rae8 21. Nc5 R2e7 22. b4 Be4 23. Rd1 Bxf3 24. gxf3 Re1+ 25. Rxe1 Rxe1+ 26. Kg2
Re7 27. Rd2 g6 28. Kg3 1/2-1/2

[Event "DEM U10 2005"]
[Site "Willingen GER"]
[Date "2005.05.18"]
[Round "6"]
[White "Matschewsky, Justus"]
[Black "Plotkin, Alex"]
[Result "0-1"]
[Termination "normal"]
[Board "23"]
[WhiteElo "1235"]
[BlackElo "1060"]
[PlyCount "110"]
[WhiteFideId "24678708"]
[EventCountry "GER"]
[EventRounds "11"]
[EventType "swiss"]
[EventDate "2005.05.15"]

1. e4 d5 2. exd5 Nf6 3. c4 c6 4. dxc6 Nxc6 5. Nf3 e5 6. Nc3 Bc5 7. d3 O-O 8.
Bg5 Qb6 9. Qd2 Nh5 10. Na4 Bb4 11. Nxb6 Bxd2+ 12. Kxd2 axb6 13. Be2 f6 14. Be3
Ra6 15. Nxe5 Nxe5 16. Bxh5 Bg4 17. Bxg4 Nxg4 18. Rhe1 Rd8 19. h3 Ne5 20. d4
Nxc4+ 21. Kc2 Rc8 22. Kb3 Ra5 23. a3 Rb5+ 24. Kc3 Nxe3+ 25. Kd3 Nxg2 26. Re4 f5
27. Re7 Nf4+ 28. Kd2 Rxb2+ 29. Kd1 Rcc2 30. Rxb7 Rd2+ 31. Ke1 Nd3+ 32. Kf1
Rxf2+ 33. Kg1 h6 34. d5 Nc5 35. Rb8+ Kh7 36. d6 Rfd2 37. Rd8 Nb7 38. Rd7 Nxd6
39. Kh1 Nc4 40. Rc7 Nxa3 41. h4 Rb1+ 42. Rxb1 Nxb1 43. h5 b5 44. Kg1 b4 45. Kf1
b3 46. Ke1 b2 47. Rb7 Nc3 48. Rxb2 Rxb2 49. Kf1 Kg8 50. Kg1 Kf7 51. Kf1 Ke6 52.
Kg1 Ke5 53. Kf1 Kf4 54. Ke1 Kf3 55. Kf1 Rb1# 0-1

[Event "DEM U10 2005"]
[Site "Willingen GER"]
[Date "2005.05.18"]
[Round "6"]
[White "Barden, Andrea"]
[Black "Riebold, Johannes"]
[Result "1/2-1/2"]
[Termination "normal"]
[Board "24"]
[WhiteElo "990"]
[BlackElo "1221"]
[PlyCount "65"]
[WhiteFideId "24698822"]
[EventCountry "GER"]
[EventRounds "11"]
[EventType "swiss"]
[EventDate "2005.05.15"]

1. c4 e5 2. Nc3 Nf6 3. g3 Bc5 4. Bg2 d6 5. d3 h6 6. Nf3 Nc6 7. O-O O-O 8. b3
Be6 9. Bb2 Qd7 10. Qd2 Rab8 11. e3 Bb4 12. Qc2 Bf5 13. Nd2 Bh3 14. Nd5 Ne8 15.
d4 Bxg2 16. Kxg2 exd4 17. exd4 Bxd2 18. Qxd2 Ne7 19. Nxe7+ Qxe7 20. Rfe1 Qd7
21. Qc3 Nf6 22. Re2 Rbe8 23. Rae1 Rxe2 24. Rxe2 Re8 25. Rxe8+ Qxe8 26. d5 Qe4+
27. Qf3 Qxf3+ 28. Kxf3 Nd7 29. Bd4 b6 30. Ke3 Kf8 31. Kd3 g6 32. Be3 h5 33. h4
1/2-1/2

[Event "DEM U10 2005"]
[Site "Willingen GER"]
[Date "2005.05.18"]
[Round "6"]
[White "Friedt, Marius"]
[Black "Haryanto, Selina"]
[Result "0-1"]
[Termination "normal"]
[Board "26"]
[WhiteElo "1127"]
[BlackElo "913"]
[PlyCount "150"]
[WhiteFideId "4642830"]
[EventCountry "GER"]
[EventRounds "11"]
[EventType "swiss"]
[EventDate "2005.05.15"]

1. e4 e5 2. Nf3 Nc6 3. Bc4 Bc5 4. c3 Nf6 5. d4 Bd6 6. O-O Nxe4 7. Re1 Nf6 8.
dxe5 Bxe5 9. Nxe5 O-O 10. Nxc6 dxc6 11. Bg5 Bg4 12. f3 Bf5 13. Qxd8 Raxd8 14.
Nd2 Rd6 15. Rad1 h6 16. Bf4 Rd7 17. Bb3 g5 18. Be5 Kg7 19. Ne4 Rxd1 20. Bxd1
Bxe4 21. Rxe4 Kg6 22. Bc2 Nxe4 23. Bxe4+ f5 24. Bc2 Re8 25. Bxc7 Re2 26. Bd3
Rxb2 27. g4 Rxa2 28. Bxf5+ Kf6 29. f4 gxf4 30. Bxf4 Kg7 31. g5 hxg5 32. Bxg5 a5
33. Be6 Rc2 34. Bf4 a4 35. Be5+ Kg6 36. Bc4 Kg5 37. Bd4 a3 38. Be3+ Kg4 39. h3+
Kxh3 40. Be6+ Kg3 41. Bf2+ Kf3 42. Bd4 a2 43. c4 Ke4 44. Bf6 b5 45. cxb5 cxb5
46. Bf7 Kf3 47. Bd5+ Kg3 48. Be5+ Kh4 49. Bf6+ Kh5 50. Bf7+ Kg4 51. Bg6 Rc1+
52. Kg2 a1=Q 53. Bxa1 Rxa1 54. Kf2 Rd1 55. Ke2 Rd8 56. Bb1 b4 57. Ba2 Rd6 58.
Bb3 Kf5 59. Ke3 Kf6 60. Bc4 Ke7 61. Bd3 b3 62. Kd2 b2 63. Kc3 Rxd3+ 64. Kxb2
Kd6 65. Kc2 Rh3 66. Kd2 Ke5 67. Kc2 Kd4 68. Kb2 Kc4 69. Kc2 Rh2+ 70. Kd1 Kd3
71. Ke1 Ra2 72. Kf1 Ke3 73. Kg1 Kf3 74. Kh1 Kg3 75. Kg1 Ra1# 0-1

[Event "DEM U10 2005"]
[Site "Willingen GER"]
[Date "2005.05.18"]
[Round "6"]
[White "Klumpe, Jan-Karl"]
[Black "Tran, Duc Cuong"]
[Result "0-1"]
[Termination "normal"]
[Board "27"]
[WhiteElo "936"]
[BlackElo "1395"]
[PlyCount "78"]
[BlackFideId "24689718"]
[EventCountry "GER"]
[EventRounds "11"]
[EventType "swiss"]
[EventDate "2005.05.15"]

1. e4 c5 2. c3 d5 3. exd5 Qxd5 4. d4 Nc6 5. Nf3 Nf6 6. Bd3 Bg4 7. c4 Qxd4 8.
O-O Qd7 9. Be3 e6 10. Nc3 Be7 11. h3 Bxf3 12. Qxf3 Qxd3 13. Qg3 O-O 14. Rfd1
Qg6 15. Qf3 Qh5 16. Qg3 Rfd8 17. Re1 Bd6 18. Bf4 Bxf4 19. Qxf4 Nd4 20. Re5 Qh6
21. Qxh6 gxh6 22. Rxc5 Rac8 23. Ra5 a6 24. c5 Nd5 25. Nxd5 Rxd5 26. b4 Rc6 27.
Rb1 Ne2+ 28. Kh2 b5 29. Re1 Rd2 30. Rb1 Nc3 31. Rb3 Na4 32. Rg3+ Kf8 33. f3
Rxa2 34. f4 Rb2 35. Rg4 Rxb4 36. Rh4 e5 37. g3 Rb2+ 38. Kg1 Rxc5 39. Rxh6 Rc1#
0-1